000 00312nam a2200121 a 4500
005 20140414093836.0
008 030611s19uu xx 00 eng d
050 _aCDR 460
_bMUL 1995 L-I
245 _aMultimedia Spanish I.
650 _aSpanish language
_xInteractive videos.
942 _cAVM
999 _c109018
_d109018